|
|
|
|
| LEADER |
03606nam a2200445 4500 |
| 001 |
978-3-319-90668-3 |
| 003 |
DE-He213 |
| 005 |
20191220130829.0 |
| 007 |
cr nn 008mamaa |
| 008 |
180517s2018 gw | s |||| 0|eng d |
| 020 |
|
|
|a 9783319906683
|9 978-3-319-90668-3
|
| 024 |
7 |
|
|a 10.1007/978-3-319-90668-3
|2 doi
|
| 040 |
|
|
|d GrThAP
|
| 050 |
|
4 |
|a BL51
|
| 072 |
|
7 |
|a HRAB
|2 bicssc
|
| 072 |
|
7 |
|a PHI022000
|2 bisacsh
|
| 072 |
|
7 |
|a QRAB
|2 thema
|
| 082 |
0 |
4 |
|a 210
|2 23
|
| 100 |
1 |
|
|a Bartkowski, John P.
|e author.
|4 aut
|4 http://id.loc.gov/vocabulary/relators/aut
|
| 245 |
1 |
4 |
|a The Arc of Faith-Based Initiatives
|h [electronic resource] :
|b Religion's Changing Role in Welfare Service Provision /
|c by John P. Bartkowski, Susan E. Grettenberger.
|
| 250 |
|
|
|a 1st ed. 2018.
|
| 264 |
|
1 |
|a Cham :
|b Springer International Publishing :
|b Imprint: Springer,
|c 2018.
|
| 300 |
|
|
|a XI, 214 p.
|b online resource.
|
| 336 |
|
|
|a text
|b txt
|2 rdacontent
|
| 337 |
|
|
|a computer
|b c
|2 rdamedia
|
| 338 |
|
|
|a online resource
|b cr
|2 rdacarrier
|
| 347 |
|
|
|a text file
|b PDF
|2 rda
|
| 505 |
0 |
|
|a Chapter 1-Faith-Based Persistence and Permutations -- Chapter 2-Faith-Based Initiatives Reconsidered: The Complicated Relationship Between Religion and Social Welfare Service Provision -- Chapter 3-Faith-based versus Secular Support for Fragile Families: Parent Education in the Rural South -- Chapter 4-Across the Continuum of Care: Transitional Housing Programs in the Midwest -- Chapter 5-Addiction Recovery: Residential Drug and Alcohol Treatment Programs in the Pacific Northwest (Steven Rathgeb Smith with Bejamina Menashe) -- Chapter 6- Does Faith Matter? Client Transformation in Parenting, Housing, and Addiction Recovery Programs -- Conclusion-Promising Partners or Strange Bedfellows? Faith-Based Providers and Government Funders after Welfare -- Appendix A: Methods in Brief -- Appendix B: Research Instruments -- Appendix C: Descriptions of Programs and Agencies.
|
| 520 |
|
|
|a This volume offers an in-depth examination of a diverse range of faith-based programs implemented in three different geographical locales: family support in rural Mississippi, transitional housing in Michigan, and addiction recovery in the Pacific Northwest (Washington-Oregon). Various types of religious service providers-faith-intensive and faith-related-are carefully examined, and secular organizations also serve as an illuminating point of comparison. Among other insights, this book reveals how the "three C's" of social service provision-programmatic content, organizational culture, and ecological context-all combine to shape the delivery of welfare services in the nonprofit world. This book warns against simplistic generalizations about faith-based organizations. Faith-based providers exhibit considerable diversity and, quite often, remarkable resilience in the face of challenging social circumstances. An appreciation of these nuances is critical as policies concerning faith-based organizations continue to evolve.
|
| 650 |
|
0 |
|a Religion-Philosophy.
|
| 650 |
1 |
4 |
|a Philosophy of Religion.
|0 http://scigraph.springernature.com/things/product-market-codes/E33000
|
| 700 |
1 |
|
|a Grettenberger, Susan E.
|e author.
|4 aut
|4 http://id.loc.gov/vocabulary/relators/aut
|
| 710 |
2 |
|
|a SpringerLink (Online service)
|
| 773 |
0 |
|
|t Springer eBooks
|
| 776 |
0 |
8 |
|i Printed edition:
|z 9783319906676
|
| 776 |
0 |
8 |
|i Printed edition:
|z 9783319906690
|
| 776 |
0 |
8 |
|i Printed edition:
|z 9783030080693
|
| 856 |
4 |
0 |
|u https://doi.org/10.1007/978-3-319-90668-3
|z Full Text via HEAL-Link
|
| 912 |
|
|
|a ZDB-2-SLS
|
| 950 |
|
|
|a Social Sciences (Springer-41176)
|